000 00702nam a2200229Ia 4500
005 20260429112204.0
008 260429s9999||||xx |||||||||||||| ||und||
020 _a9789355275943
041 _aEnglish
082 _a305.800954
_bTHU
100 _aEdgar, Thurston
245 0 _aAnthropology of the Todas and Kotas of the Nilgiri Hills :
_band of the brahmans, kammálans, pallis, and pariahs of madras city /
_cThurston Edgar
250 _a1st ed.
260 _aChennai :
_bMaven Books,
_c2023.
300 _ap.; pbk
650 _a Ethnology
650 _a Kota (Indic people)
650 _a Nilgiri Hills
650 _a Toda (Indic people)
650 _aAnthropology-India
942 _cTB
999 _c52802
_d52802